[Event "EU-Cup 18th"]
[Site "Kallithea"]
[Date "2002.09.24"]
[Round "3.1"]
[White "Atakisi, Umut"]
[Black "Stohl, Igor"]
[Result "1-0"]
[WhiteElo "2361"]
[BlackElo "2556"]
[Annotator "Mueller,Karsten"]
[PlyCount "63"]
[EventDate "2002.09.22"]
[EventType "team-swiss"]
[EventRounds "7"]
[EventCountry "GRE"]
[SourceTitle "CBM 092"]
[Source "ChessBase"]
[SourceDate "2003.02.06"]
[SourceVersion "1"]
[SourceVersionDate "2003.02.06"]
[SourceQuality "1"]
[WhiteTeam "Istanbul Teknik Uni"]
[BlackTeam "Corpora Lipovec"]
[WhiteTeamCountry "TUR"]
[BlackTeamCountry "SVK"]

1. e4 c5 2. Nf3 e6 3. d4 cxd4 4. Nxd4 a6 5. Nc3 d6 {Schwarz stellt Sf6 zurück,
um nicht durch g2-g4-g5 angerempelt zu werden.} 6. Bd3 b5 7. O-O Bb7 8. a3 Nf6
9. Kh1 Nbd7 10. f4 g6 {Schwarz spielt sehr ambitioniert - und äußerst riskant.}
(10... Be7 11. b4 (11. Qe2 Nc5 12. b4 Nxd3 13. cxd3 O-O 14. Bb2 Nd7 15. Rac1
$11 {/+/= 1/2-1/2 Schaefer,M-Stangl,M/Muenster 1993/EXT 93op (26)}) (11. Qe1
Qc7 12. Qg3 g6 (12... O-O $5) 13. Bd2 Nc5 14. Rae1 $132 {0-1 Dobrovolsky,
L-Gross,S/Rimavska Sobota 1990/EXP 20 (83). (83)}) (11. Qf3 Rc8 12. Bd2 O-O 13.
Rae1 $132 {1-0 Najer,E-Adu,O/Philadelphia 2002/CBM 89 ext (36)}) 11... O-O 12.
Bb2 Rc8 13. Qe2 Nb6 $1 {0-1 Adams,M-Anand,V/EUCup f 1993/CBM 39/[Anand,V] (40)}
) 11. f5 $5 gxf5 12. exf5 Rg8 13. Ne4 $6 {das dürfte den Bogen objektiv
gesehen überspannen.} (13. Nf3 Ne5 14. Be2 $13) 13... Nxe4 (13... Bxe4 {
kam auch in Betracht, z.B.} 14. Bxe4 Nxe4 15. Nxe6 (15. fxe6 Ndf6) 15... Qh4)
14. fxe6 (14. Nxe6 $2 Nc3 $19) 14... Ne5 $2 ({Mir ist nicht klar, was Weiß nach
} 14... Ndf6 $1 {geplant hatte, z.B.} 15. exf7+ Kxf7 16. Qh5+ Rg6 (16... Ke7 $6
17. Rxf6 Nxf6 18. Bg5 $40) 17. Qxh7+ Bg7 $17) (14... fxe6 $2 15. Qh5+ Rg6 16.
Qxh7 $18) 15. Qe2 Qh4 $4 {ein Fehler kommt selten allein. Allerdings war die
schwarze Stellung unheimlich schwer zu halten - selbst für einen so starken
Spieler wie Igor Stohl.} (15... Nf6 $2 16. exf7+ (16. Bxb5+ $2 Ke7 17. Nf5+
Kxe6 18. Nd4+ Ke7 19. Nf5+ $11) 16... Kxf7 17. Qh5+ Ke7 (17... Kg7 $2 18. Rxf6
Bxg2+ (18... Kxf6 $2 19. Qf5+ Kg7 (19... Ke7 20. Qe6#) 20. Ne6+ Kh8 21. Qxh7#)
19. Kg1 Bd5 20. Bxh7 Qxf6 21. Nf5+ Qxf5 22. Qxf5 $18) 18. Bg5 Bxg2+ 19. Kxg2 h6
20. Bg6 $40) (15... f5 $1 16. Bxb5+ Ke7 17. Nxf5+ (17. Ba4 $5) 17... Kxe6 18.
Nd4+ Ke7 19. Bc6 (19. Nf5+ $11) 19... Bxc6 20. Nxc6+ Nxc6 21. Qxe4+ Kd7 $13) (
15... Rxg2 $6 16. Bxb5+ Ke7 17. Qxg2 Nf2+ 18. Rxf2 Bxg2+ 19. Kxg2 f6 20. Bc6
$36) 16. exf7+ $18 Nxf7 17. Rf4 $1 Qe7 18. Bxe4 O-O-O (18... Bxe4 19. Rxe4 Ne5
20. Bf4 Bg7 21. Nf5 $18) 19. Bxb7+ Qxb7 20. Qe6+ (20. a4 $5 {war sogar noch
genauer.}) 20... Kb8 21. Nf3 Rg7 22. Bd2 Ka8 $2 {nun spielt sich der weiße
Angriff fast von selbst. Schwarz war jedoch ohnehin in einer äußerst
misslichen Lage.} (22... Qd7 $142 $18) 23. a4 Ne5 24. axb5 Rg6 25. Qb3 Bh6 26.
Rxa6+ Kb8 27. Rfa4 Bxd2 (27... Nxf3 28. Qxf3 Qxf3 29. gxf3 Bxd2 30. Ra8+ Kc7
31. b6+ Kxb6 32. Rxd8 Be3 33. Rg4 $18) 28. Ra8+ Qxa8 29. Rxa8+ Kxa8 30. Qd5+
Ka7 31. Nxe5 Rf8 (31... Rf6 32. Nc6+ Kb6 33. Qd4+ $18) 32. Qa2+ (32. Qa2+ Kb6 (
32... Kb7 33. Qa6+ Kb8 34. Nd7+ $18) 33. Nd7+ $18) 1-0

[Event "Athens Acropolis"]
[Site "Athens"]
[Date "2004.11.24"]
[Round "9"]
[White "Mastrovasilis, Dimitrios"]
[Black "Shavtvaladze, Nikoloz"]
[Result "1-0"]
[WhiteElo "2574"]
[BlackElo "2430"]
[Annotator "Mueller,Karsten"]
[PlyCount "135"]
[EventDate "2004.11.16"]
[EventType "tourn"]
[EventRounds "9"]
[EventCountry "GRE"]
[EventCategory "10"]
[SourceTitle "CBM 105"]
[Source "ChessBase"]
[SourceDate "2005.04.11"]
[SourceVersion "1"]
[SourceVersionDate "2005.04.11"]
[SourceQuality "1"]

1. e4 c5 2. Nf3 e6 3. d4 cxd4 4. Nxd4 a6 5. Bd3 Bc5 6. Nb3 Be7 7. Qg4 g6 8. Qe2
d6 9. O-O Nd7 10. Nc3 Qc7 11. Kh1 b6 12. Bd2 Bb7 13. Rae1 Ngf6 14. f4 O-O 15.
f5 exf5 16. exf5 Rfe8 17. fxg6 hxg6 18. Qf2 Ne5 19. Nd4 Nfg4 20. Qf4 Bf8 21.
Qg3 Nxd3 22. cxd3 Rxe1 23. Rxe1 Ne5 24. Nf5 Qd7 25. Rf1 Re8 26. b3 Qe6 27. h3
b5 28. d4 Nf3 29. d5 Qxf5 30. Rxf3 Qh5 31. Bg5 b4 32. Qf4 f5 33. g4 Qh7 34.
Qxb4 fxg4 35. Qxg4 Bc8 36. Qg3 Bf5 37. Bf4 Qd7 38. Kh2 Bg7 39. Bxd6 Bxc3 40.
Rxc3 Re2+ 41. Kg1 Be4 42. Qf4 Rg2+ 43. Kf1 Qb5+ 44. Rc4 Bxd5 45. Qf8+ Kh7 46.
Qe7+ Kg8 47. Qd8+ Kh7 48. Qc7+ Kg8 49. Be5 Kf8 50. Bd6+ Kg8 51. Be5 Kf8 52. Bf6
Bxc4+ 53. bxc4 Qf5+ 54. Kxg2 Qxf6 55. c5 Kg8 56. Qd6 Qg5+ 57. Kf3 {Der Monarch
begibt sich auf den Weg zu seinem Freibauern - die typische Technik in solchen
Endspielen.} Qf5+ 58. Ke2 Qe4+ 59. Kf2 Qf5+ 60. Ke2 Qe4+ 61. Kd2 Qg2+ $6 {
Treibt Weiß dahin, wo er ohnehin gehen möchte.} (61... Kf7 62. Kc3 Qe1+ 63. Qd2
Qe5+ 64. Qd4 Qe1+ 65. Kc4 Qe2+ 66. Kb3 Qb5+ 67. Qb4 Qc6 {war zäher.}) 62. Kc3
Qxh3+ 63. Kb4 Qh4+ 64. Ka5 g5 65. c6 Qc4 66. Kb6 Qb5+ 67. Ka7 {Der König hat
sein Versteck erreicht und es ist aus:} a5 68. Qb8+ 1-0

[Event "FRA-chT Gp-A"]
[Site "France"]
[Date "2003.04.06"]
[Round "7.4"]
[White "Tirard, Hugo"]
[Black "Conquest, Stuart"]
[Result "0-1"]
[WhiteElo "2399"]
[BlackElo "2539"]
[Annotator "Mueller,Karsten"]
[PlyCount "132"]
[EventDate "2003.01.31"]
[EventType "team"]
[EventRounds "7"]
[EventCountry "FRA"]
[SourceTitle "CBM 095"]
[Source "ChessBase"]
[SourceDate "2003.07.25"]
[SourceVersion "1"]
[SourceVersionDate "2003.07.25"]
[SourceQuality "1"]
[WhiteTeam "Noyon"]
[BlackTeam "Clichy"]
[WhiteTeamCountry "FRA"]
[BlackTeamCountry "FRA"]

1. e4 c5 2. Nf3 e6 3. d4 cxd4 4. Nxd4 a6 5. Nc3 b5 6. Bd3 d6 7. O-O Nf6 8. Qe2
Be7 9. f4 b4 10. Nd1 O-O 11. Nf2 e5 12. Nf5 Bxf5 13. exf5 Nc6 14. Be3 Qc8 15.
Rad1 Re8 16. fxe5 Nxe5 17. Bf4 Bd8 18. Qd2 Bb6 19. Kh1 Rb8 20. Ne4 Nxe4 21.
Bxe4 Nc4 22. Qd5 Be3 23. f6 Qe6 24. Qg5 Qxf6 25. Bxh7+ Kxh7 26. Qh5+ Kg8 27.
Bxe3 Re5 28. Rxf6 Rxh5 29. Rf3 Nxe3 30. Rxe3 Ra5 31. a3 bxa3 32. bxa3 (32. Rxa3
$5 Rc5 33. Rxa6 Rxb2 34. Raxd6 Rcxc2 35. Rg1 $15) 32... Rb2 33. h4 Ra4 34. Rxd6
Rxc2 35. Rh3 $6 Rg4 {Black's active rooks create one problem after the other
die aktiven schwarzen Türme schaffen ein Problem nach dem anderen} 36. Rxa6
Rgxg2 37. Re3 $2 (37. Rc6 Ra2 38. Rc1 $15 {/-/+}) 37... Rh2+ $19 {[%mdl 4096]
a convincing demonstration of the firepower of Black's rooks es folgt eine
überzeugende Demonstration der Feuerkraft zweier Türme} 38. Kg1 Rcg2+ 39. Kf1
Ra2 40. Kg1 Rhg2+ 41. Kh1 Rh2+ 42. Kg1 Rxh4 43. Rf3 Rg4+ 44. Kh1 f6 45. Ra7 Re4
46. Rf1 Kh7 47. Kg1 Rg4+ 48. Kh1 Kh6 49. Rf3 Kg6 50. Rd3 Rh4+ 51. Kg1 Rc4 52.
Rd1 Kh6 53. Kh1 f5 54. Ra6+ g6 55. Rf1 Kh5 56. Ra8 Kg5 57. Rg1+ Rg4 58. Rf1 Rb2
59. a4 Rb7 60. Rf2 Rh7+ 61. Rh2 Rxh2+ 62. Kxh2 Rb4 63. a5 Ra4 64. a6 Kg4 65. a7
g5 66. Kg1 Ra2 {A nice victory of GM Stuart Conquest! Eine schöne Leistung von
GM Stuart Conquest!} 0-1

[Event "Bucharest"]
[Site "Bucharest"]
[Date "1996.??.??"]
[Round "?"]
[White "Nevednichy, Vladislav"]
[Black "Badea, Bela"]
[Result "*"]
[WhiteElo "2505"]
[BlackElo "2520"]
[Annotator "Nevednichy,V"]
[PlyCount "48"]
[EventDate "1996.??.??"]
[EventType "tourn"]
[EventRounds "15"]
[EventCountry "ROU"]
[EventCategory "9"]
[SourceTitle "EXT 1999"]
[Source "ChessBase"]
[SourceDate "1998.11.16"]
[SourceVersion "1"]
[SourceVersionDate "1998.11.16"]
[SourceQuality "1"]

1. e4 c5 2. Nf3 e6 3. d4 cxd4 4. Nxd4 a6 5. Bd3 g6 6. b3 Bg7 7. Bb2 Qb6 8. c3
Nc6 9. Nxc6 bxc6 10. Qc2 $146 (10. O-O) 10... d6 11. c4 Bxb2 12. Qxb2 $14 e5
13. Nc3 Ne7 14. O-O O-O 15. Na4 Qc7 16. f4 (16. c5 $1 d5 17. Nb6 Ra7 18. f4 $1
exf4 19. Qf6 $16) 16... exf4 17. Rxf4 c5 18. Raf1 Nc6 19. Nc3 $6 (19. Qf6 $5)
19... Be6 20. Qd2 Qe7 21. Be2 $2 (21. Bb1 $5) 21... Ne5 22. Rf6 Nd7 23. R6f2
Ne5 24. h3 Kg7 $11 *

[Event "Bundesliga 0405"]
[Site "Germany"]
[Date "2004.11.26"]
[Round "7.2"]
[White "Pelletier, Yannick"]
[Black "Votava, Jan"]
[Result "1/2-1/2"]
[WhiteElo "2589"]
[BlackElo "2505"]
[Annotator "Pelletier,Y"]
[PlyCount "84"]
[EventDate "2004.11.12"]
[EventType "team-tourn"]
[EventRounds "15"]
[EventCountry "GER"]
[SourceTitle "CBM 105"]
[Source "ChessBase"]
[SourceDate "2005.04.11"]
[SourceVersion "1"]
[SourceVersionDate "2005.04.11"]
[SourceQuality "1"]
[WhiteTeam "Werder Bremen"]
[BlackTeam "Erfurt"]
[WhiteTeamCountry "GER"]
[BlackTeamCountry "GER"]

1. e4 c5 2. Nf3 e6 3. d4 cxd4 4. Nxd4 a6 5. Nc3 b5 6. Bd3 d6 7. O-O Nf6 8. f4
Be7 9. Kh1 Bb7 10. e5 $5 Nd5 ({Angesichts der Probleme, die in der Partie
vorkommen, verdient} 10... Nfd7 {Aufmerksamkeit.}) (10... dxe5 11. fxe5 Nfd7
12. Nxe6) 11. Ne4 ({Interessant ist auch} 11. Nxd5 Bxd5 12. Qh5) 11... Nc6 ({
Nach} 11... Nb4 {erhält Weiß eine starke Stellung:} 12. exd6 Bxd6 13. Qg4 Bf8 (
13... g6 14. Nxe6 fxe6 15. Qxe6+ Be7 16. Nf6+ Kf8 17. f5 $18) 14. Rd1 Nxd3 15.
Rxd3 Bxe4 16. Nxe6 Qb6 17. Rd8+ Qxd8 (17... Ke7 18. f5) 18. Nxd8 Kxd8 19. f5
$36) 12. Nxc6 Bxc6 13. Qg4 (13. exd6 Bxd6 14. f5 exf5 15. Rxf5 $36) 13... g6
14. b3 $5 O-O $6 ({Schwarz musste sich mittels} 14... b4 {um die Verstopfung
der langen Diagonale kümmern. Trotzdem behält Weiß nach} 15. exd6 {die
Oberhand:} (15. Qh3 Nc3 16. Nxc3 bxc3 17. Be3 dxe5 18. fxe5 Qd5 $13) (15. Bb2
dxe5 (15... Ne3 16. Qh3) 16. fxe5 Ne3 17. Qf3 Nxf1 18. Nf6+ Kf8 19. Qxc6 Ne3
20. Qf3 Bxf6 21. exf6 Nd5 $13) 15... Bxd6 16. Bb2 O-O 17. Qh3 $36) 15. Qh3 a5 (
15... Nb4 16. exd6 Bxd6 17. Bb2 $16) 16. Bb2 dxe5 17. fxe5 Nb4 18. Nf6+ (18.
Qh6 Bxe4 19. Bxe4 Rc8 20. Rad1 Bg5 21. Qh3 Qe7 22. c3 f5 23. exf6 Bxf6 24. cxb4
Bxb2 25. bxa5 $16) 18... Bxf6 19. exf6 Qd5 (19... Kh8 20. Rf4 (20. Qxe6 $16)
20... h5 (20... Qd5 21. Be4) 21. Re1 $18) 20. Be2 $2 ({Als ich diese Stellung
während der post-mortem Analyse aufs Brett bekam, sah ich den siegbringenden
Zug} 20. Bxb5 $1 $18 {[%cal Gc6g2,Yh3h6] postwendend! Warum er mir nicht in
der Partie einfiel...}) 20... Rfc8 $6 (20... Qd2 21. Rf2 $16) (20... h5 21. Bf3
$16) 21. c3 Nc2 (21... Qd2 22. Rf2 Nd5 23. Rd1 $1 Qe3 (23... Qxb2 24. Rxd5 $40)
24. Qh4 $16) 22. Rad1 ({Schockiert, dass Weiß über keinen sofortigen Gewinn
verfügt, verbrauchte ich hier über eine halbe Stunde. Wohl der Wendepunkt der
Partie. Gut war auch} 22. Bf3 Qg5 ({mein Gegner hatte hier} 22... Qc5 $2 {
geplant, was wohl direkt verliert:} 23. Bxc6 Rxc6 24. Rac1 {und eine Figur ist
weg}) 23. Rad1 Bxf3 24. Qxf3 $16 (24. Rxf3 Rd8)) 22... Qe5 ({Diesen Zug hatte
ich nicht einmal berücksichtig - er verliert ja auch. Hartnäckiger war} 22...
Qc5 {, wonach Weiß noch die richtige Zugfolge finden muss:} 23. Qh6 Qf8 24. Qd2
(24. Qc1 Nb4 $1 25. Ba3 $140 $2 Nxa2) 24... Na3 (24... Be4 25. Bxb5 $18) 25.
Bxa3 Qxa3 26. b4 $18 {und die Dame kehrt siegreich nach h6 zurück.}) 23. Bf3 $2
({Ich verschmähte} 23. Bd3 {wegen} Qe3 (23... Bxg2+ 24. Qxg2 Ne3 25. Rde1 $18)
24. Qh4 (24. Qg4 h5 25. Qh4 Rd8 26. Bxc2 Rxd1 27. Bxd1 Rd8 $44) 24... Rd8 {
, übersah aber das einfache} 25. Bc1 $1 $18) 23... Bxf3 24. Rxf3 $2 ({Zug um
Zug wird der Nachziehende wieder lebendig.} 24. Qxf3 {versprach immer noch
Vorteil:} b4 25. Rd2 bxc3 (25... Ne1 26. Qh3 $18) 26. Bxc3 Qxc3 27. Rd8+ Rxd8
28. Qxc3 Nd4 29. h3 $16) 24... Rd8 25. Rdf1 ({Die d-Linie aufzugeben - das
kann doch nie gut sein. Nun ist Schwarz wirklich in der Partie zurück. Einzig} 
25. Rfd3 {konnte noch einen Hauch von Vorteil geben:} Qxf6 26. Qf3 Rxd3 27.
Qxd3 Qf2 28. c4 Rf8 29. Qc3 f6 30. cxb5 $14) 25... h5 26. Bc1 Rd5 27. R3f2 (27.
Qh4 Rad8 28. Qf2 Qe4) 27... Ne1 (27... Qe4 $2 28. Qf3) 28. c4 Rd1 $2 $138 ({
Die Zeitnot verursacht nun eine wahre Fehler-Komödie.} 28... bxc4 29. bxc4 (29.
Bb2 Nd3 $1) 29... Rd3 30. Qh4 $13) 29. Bb2 $4 $138 (29. Qe3 Qxe3 30. Bxe3 bxc4
(30... Rad8 31. Kg1 $1) 31. Re2 (31. bxc4 $5 $16) 31... cxb3 32. axb3 $16)
29... Qe4 $17 30. Qg3 $2 Rad8 $2 (30... h4 $19 {[%cal Ge1d3]}) 31. Kg1 bxc4 (
31... Nc2) 32. Qg5 Kh7 (32... Nc2 33. Bc1 $1 Rxf1+ 34. Rxf1 Qd4+ 35. Rf2 (35.
Kh1 Qf2) 35... Qc3 $17) 33. bxc4 (33. Bc1 Rxc1 34. Qxc1 Nd3 35. Qd2 Qd4 36.
bxc4 Nxf2 37. Qxf2 Qxc4 $17) 33... Qxc4 34. Qxa5 $6 (34. Be5 R8d5 $17) 34...
Nxg2 $1 {[%mdl 128]} 35. Kxg2 $6 Qg4+ 36. Kh1 Rxf1+ 37. Rxf1 Qe4+ 38. Kg1 Qg4+
(38... Rd5 $19) 39. Kh1 Qe4+ 40. Kg1 Qg4+ $4 41. Kh1 Qe4+ 42. Kg1 Qg4+ {
Mit hängenden Blättchen und völlig unbewusst, dass wir den 40. Zug schon
erreicht hatten, einigten wir uns auf Remis... In der Fachpresse - sogar in
Raj Tischbiereks respektablen "SCHACH" - wurde dann vom großen Pech der
Erfurter Mannschaft berichtet, die wegen dieses verpassten Gewinns knapp mit 4,
5-3,5 verlor. Warum dabei ignoriert wurde, dass Weiß im Mittelspiel dutzende
Gewinnmöglichkeiten verspielte....} 1/2-1/2

[Event "Copenhagen Open-02 (Politiken Cup-01)"]
[Site "Copenhagen"]
[Date "1980.06.25"]
[Round "3"]
[White "Plachetka, Jan"]
[Black "Ravikumar, Vaidyanathan"]
[Result "1-0"]
[WhiteElo "2480"]
[BlackElo "2305"]
[Annotator "Plachetka,J"]
[PlyCount "73"]
[EventDate "1980.06.23"]
[EventType "swiss"]
[EventRounds "10"]
[EventCountry "DEN"]
[SourceTitle "EXT 2000"]
[Source "ChessBase"]
[SourceDate "1999.11.16"]
[SourceVersion "1"]
[SourceVersionDate "1999.11.16"]
[SourceQuality "1"]

1. e4 c5 2. Nf3 e6 3. d4 cxd4 4. Nxd4 a6 5. Bd3 Nf6 6. O-O d6 7. c4 Be7 8. Nc3
O-O 9. b3 b6 10. Bb2 Bb7 11. Qe2 Nbd7 12. Rad1 Qc7 13. Bb1 Rfe8 14. f4 Rac8 $6
(14... Bf8) 15. Nf3 Bf8 16. Kh1 Bc6 $2 17. e5 $1 Bxf3 18. Rxf3 dxe5 19. fxe5
Ng4 (19... Qxe5 20. Ne4 Qc7 21. Nxf6+ Nxf6 22. Rxf6 $1 gxf6 23. Qg4+ Bg7 24.
Bxf6 $18) (19... Nxe5 20. Nb5 $1 axb5 21. Bxe5 Qe7 22. Qc2 $18) 20. Rxf7 $3 (
20. Rxd7 Qxd7 21. Rd3 Qc7 22. Qxg4 Qxe5) 20... Kxf7 21. Qxg4 g6 (21... Nxe5 22.
Qh5+) 22. Ne4 Nc5 23. Nf6 Red8 24. Rf1 Kg7 25. Nxh7 Nd3 (25... Kxh7 26. Bxg6+
$18) 26. Nxf8 Rxf8 27. Rxf8 Rxf8 28. Bxd3 Qf7 29. h4 Rd8 30. Be4 Rd2 31. Bc1
Qf1+ 32. Kh2 Qxc1 33. Qxg6+ Kf8 34. Qf6+ Kg8 35. Qxe6+ Kg7 36. Qf6+ Kg8 37. e6
1-0

[Event "HUN-ch"]
[Site "Budapest"]
[Date "1991.??.??"]
[Round "2"]
[White "Polgar, Judit"]
[Black "Portisch, Lajos"]
[Result "1/2-1/2"]
[WhiteElo "2550"]
[BlackElo "2570"]
[Annotator "Polgar,J"]
[PlyCount "133"]
[EventDate "1991.12.??"]
[EventType "tourn"]
[EventRounds "9"]
[EventCountry "HUN"]
[EventCategory "12"]
[SourceTitle "CBM 027"]
[Source "ChessBase"]
[SourceDate "1992.04.01"]
[SourceVersion "1"]
[SourceVersionDate "1992.04.01"]
[SourceQuality "1"]

1. e4 c5 2. Nf3 e6 3. d4 cxd4 4. Nxd4 a6 5. Bd3 b6 {N} 6. O-O Bb7 7. f4 $5 (7.
Qe2 d6 8. f4 Nd7 9. c4 g6 10. f5 Bg7 11. Be3 Qe7 12. Nc3 Ngf6 13. Rad1 Ne5 14.
fxe6 fxe6 15. Nf3 Ned7 $2 (15... Nfd7 $5) 16. Na4 Nc5 17. e5 dxe5 18. Bxc5 bxc5
19. Qxe5 {+/-/+- Sax,G-Portisch,L/HUN-ch/1991/}) 7... Bc5 8. c3 Nc6 9. Be3 Nf6
10. Qe2 Qc7 11. Nd2 O-O (11... e5 12. Nf5 $5 (12. Nxc6 Bxe3+ 13. Qxe3 exf4)
12... Bxe3+ 13. Qxe3 g6 14. Nh6 $13) 12. Kh1 Rfe8 $2 (12... d6 $5 13. Nxc6 Qxc6
(13... Bxe3 $6 14. Ne7+ Qxe7 15. Qxe3 $14) 14. Bxc5 bxc5 15. e5 dxe5 16. fxe5
Rfd8 17. Nf3 Nh5 18. Bc2 Nf4 19. Qe3 Ng6 20. Rf2 Rd7 21. Raf1 $14) 13. Nxc6 $1
Bxe3 14. Qxe3 Qxc6 15. Qg3 (15. Qh3 e5 $1 16. fxe5 Rxe5 17. Nf3 Rh5) 15... d6 (
15... d5 16. e5 Ne4 17. Bxe4 dxe4 18. Rfe1 Qb5 19. b3 Qd3 20. Qxd3 exd3 21. Nc4
$16) 16. e5 Nh5 (16... dxe5 17. fxe5 Nh5 18. Qf2 Qc7 19. Nc4 $16) 17. Qh3 g6 (
17... dxe5 $2 18. Be4 $18) 18. Ne4 (18. Be4 $5 d5 (18... Qd7 19. exd6) 19. Bd3
$16) 18... dxe5 19. fxe5 Rad8 20. Rae1 Qd5 21. Nd6 $2 (21. Bc2 $1 Qxe5 $6 22.
Nf6+ Qxf6 23. Rxf6 Nxf6 (23... Rd2 24. Qe3 $1 Rxc2 25. Rf2 {+/-/+-}) 24. Qe3
Rd6 25. Rd1 $16) 21... Rxd6 $8 22. exd6 Qxd6 $44 23. Be4 Bxe4 24. Rxe4 e5 25.
Qe3 $2 (25. Re2 $5) (25. g4 Nf4 26. Rfxf4 Qc6 $1 $10) 25... Re6 26. Rc4 $6 Qd7
27. Kg1 Kg7 28. Re4 Qc7 29. Rd1 Nf6 30. Rh4 h5 $17 31. h3 Qc6 32. Kh2 $138 a5
33. g4 $6 Nd5 34. Qg3 Qc5 35. Re1 (35. gxh5 Ne3) 35... Rf6 36. Re2 Nf4 $138 37.
Rf2 Kf8 $6 (37... hxg4 38. hxg4 $2 (38. b4 $8 axb4 39. cxb4 Qxb4 40. Rxg4 Qc5
$17) 38... Nh5 $19) 38. b4 axb4 39. cxb4 Qd6 $2 (39... Qxb4 $1) 40. gxh5 Nxh5
$2 (40... gxh5 $1) 41. Rxf6 Qxf6 42. Qe1 Nf4 43. Rg4 Qf5 44. Qf2 Qd3 45. Rg3
Qd6 46. b5 e4 47. Qe3 Kg8 (47... Nh5 $2 48. Qa3) 48. Kh1 $2 (48. Qxe4 Nh5 49.
Qd3 Qxg3+ 50. Qxg3 Nxg3 51. Kxg3 Kf8 52. Kf4 Ke7 53. Ke5 $10) 48... Nd5 49. Qf2
(49. Qe1) 49... e3 50. Qf3 e2 (50... Qe5 $17) 51. Rg1 Nf4 52. Qe3 (52. Re1 Qd2)
52... Qd5+ (52... Qd1 53. Qe8+ Kg7 54. Qe5+ Kh7 55. Qxf4 $10) 53. Kh2 e1=Q $2 (
53... Qxa2 $1 54. Re1 Qc4 $17) 54. Qxe1 Qxa2+ 55. Kh1 Qd5+ 56. Kh2 Qa2+ 57. Kh1
Qd5+ 58. Kh2 Qxb5 59. Qe3 Qc4 60. Rd1 Ne6 61. Rc1 Qd5 62. Rc8+ Kh7 63. Qf2 Qe5+
64. Kg1 Nf4 65. Qh4+ Nh5 66. Qf2 Kg7 67. Rc4 1/2-1/2

[Event "Olympiad-40"]
[Site "Istanbul"]
[Date "2012.09.07"]
[Round "10.2"]
[White "Karjakin, Sergey"]
[Black "Flores, Diego"]
[Result "1-0"]
[WhiteElo "2785"]
[BlackElo "2589"]
[Annotator "Postny,E"]
[PlyCount "45"]
[EventDate "2012.08.28"]
[EventType "team-swiss"]
[EventRounds "11"]
[EventCountry "TUR"]
[SourceTitle "CBM 151"]
[Source "ChessBase"]
[SourceDate "2012.11.13"]
[SourceVersion "1"]
[SourceVersionDate "2012.11.13"]
[SourceQuality "1"]
[WhiteTeam "Russia"]
[BlackTeam "Argentina"]
[WhiteTeamCountry "RUS"]
[BlackTeamCountry "ARG"]

1. e4 c5 2. Nf3 e6 3. d4 cxd4 4. Nxd4 a6 5. Bd3 Bc5 6. Nb3 Be7 7. Qg4 Bf6 {
The main line is 7...g6. The move in the text aims to save Black from
weakening the dark squares.} 8. Qg3 (8. O-O Nc6 9. f4 d6 10. Qe2 Nge7 11. N1d2
Ng6 12. Nc4 b5 13. Ne3 e5 14. fxe5 Bxe5 $11 {0-1 Paveto,K (2279)-Flores,D 
(2599)/Mar del Plata 2012/CB14_2012 (60)}) 8... Nc6 9. Nc3 {Karjakin is
adopting the most challenging plan of castling to the queenside.} Nge7 10. Bf4
e5 11. Bd2 d6 (11... d5 12. exd5 Nxd5 13. Be4 Nxc3 14. Bxc3 O-O 15. O-O $14)
12. O-O-O (12. h4 Be6 13. O-O-O Rc8 14. Kb1 {may lead to the same position by
a different order of moves.}) 12... Be6 13. Kb1 Rc8 14. h4 {All this has
already appeared in practice. During this year there was a principled dispute
between the Kosintseva sisters and Nana Dzagnidze.} h6 $146 {Not really an
improvement.} (14... Nb4 15. Bg5 (15. Be2 $5) 15... Ng6 16. Bf1 O-O 17. Bxf6
Qxf6 18. a3 Nc6 19. Nd5 Bxd5 20. exd5 Nce7 $132 {1/2-1/2 Kosintseva,N (2537)
-Dzagnidze,N (2535)/Tbilisi GEO 2012/The Week in Chess 902 (103)}) (14... h5
15. Bg5 Ng6 16. Nd5 Bxg5 17. hxg5 h4 18. Qe3 Nce7 19. c4 O-O 20. Nf6+ $1 (20.
g3 b5 21. cxb5 Nxd5 22. exd5 Bxd5 23. f3 Bxb3 24. axb3 axb5 25. f4 Qa5 $17 {
0-1 Kosintseva,T (2513)-Dzagnidze,N (2535)/Tbilisi GEO 2012/The Week in Chess
903 (43)}) 20... gxf6 21. gxf6 Nf4 22. g3 Neg6 23. gxf4 exf4 24. Qd4 $16 {
1-0 Kosintseva,T (2513)-Dzagnidze,N (2559)/Gaziantep TUR 2012/The Week in
Chess 906 (37)}) 15. Qf3 {Moving the queen away to free the way for the g-pawn,
but missing a more tempting alternative.} (15. Bg5 $1 Bxg5 (15... hxg5 16. hxg5
Rxh1 17. Rxh1 Ng6 18. gxf6 Qxf6 19. Qe3 $14) (15... Ng6 16. Bxf6 Qxf6 17. Nd5
Bxd5 18. exd5 Nce7 19. h5 Nf4 20. Be4 $16) 16. hxg5 h5 17. Be2 g6 18. f4 exf4
19. Qxf4 Ne5 20. g4 h4 21. Qf2 $16) 15... Nb4 (15... h5 {may prevent the
advance g2-g4, but has other drawbacks.} 16. Be2 Bxb3 17. cxb3 Nd4 18. Qd3 b5
19. Be3 $14) 16. Be2 Nec6 17. Be3 b5 $4 {What could be more natural than this,
but it's a losing move!} (17... O-O 18. Nd5 Nxc2 19. Nxf6+ Qxf6 20. Qxf6 gxf6
21. Kxc2 Nd4+ 22. Kb1 Nxe2 23. Rxd6 $14) (17... Bxb3 $1 18. cxb3 (18. axb3 $2
Qa5 $36) 18... Nd4 19. Qh3 O-O $1 (19... Rxc3 $6 20. bxc3 Nxe2 21. Bd2 Nc6 22.
g3 $1 {[%csl Re2]} d5 23. exd5 Qxd5 24. Qc8+ Nd8 (24... Bd8 25. Qg4 Qd3+ 26.
Kb2 Ba5 27. Qc8+ Bd8 28. Rhe1 O-O 29. Qg4 $16) 25. Qf5 Qc6 26. Qd3 $16) 20. g4
Rxc3 {Now this is stronger than on the previous move as the knight will come
out to f4.} 21. bxc3 Nxe2 22. Bd2 Nc6 23. g5 Be7 24. Qg4 Nf4 25. gxh6 g6 26.
Bxf4 exf4 27. Qxf4 Qa5 $13) 18. Nd5 $1 {As simple as strong. Amazingly, Black
can't save his Nb4.} Bxd5 (18... Bxh4 19. c3 $18) (18... Nxc2 19. Bb6 $18) 19.
exd5 Nd4 (19... Ne7 20. c3 Qc7 (20... Nbxd5 21. Rxd5 Nxd5 22. Qxd5 Bxh4 23. Bg4
Rc4 24. Bf5 O-O 25. Nd2 $18) 21. a3 (21. cxb4 $4 Qc2+ 22. Ka1 e4 $19 {[%csl
Rb2,Rf3]}) 21... Nbxd5 22. Rxd5 Nxd5 23. Qxd5 $18) 20. Nxd4 exd4 21. Bxd4 Bxd4
22. Rxd4 Nxc2 23. Rd2 {The knight is trapped.} (23. Rd2 Nb4 24. Qe4+ $18 {
[%csl Rb4,Re8]}) 1-0